[Event "American Continental 18th"]
[Site "Medellin"]
[Date "2024.06.02"]
[Round "11"]
[White "Mora Munoz, Alejandro"]
[Black "Gadea, Fernando Pablo"]
[Result "1-0"]
[WhiteElo "2066"]
[BlackElo "1878"]
[PlyCount "113"]
[EventDate "2024.05.24"]
[EventType "swiss"]
[EventRounds "11"]
[EventCountry "COL"]
[SourceTitle "CB23_2024"]
[SourceDate "2024.06.05"]
[SourceVersion "1"]
[SourceVersionDate "2024.06.05"]
[SourceQuality "1"]

1. e4 e6 2. d4 d5 3. Nd2 Nf6 4. e5 Nfd7 5. Bd3 c5 6. c3 Nc6 7. Ne2 cxd4 8. cxd4 f6 9. exf6 Nxf6 10. Nf3 Bd6 11. 0-0 Qc7 12. Bg5 0-0 13. Bh4 Nh5 14. Qc2 h6 15. Bh7+ Kh8 16. Bg6 Nf4 17. Nxf4 Bxf4 18. Bg3 Bd7 19. Rfe1 Qd6 20. Rad1 Rac8 21. Qb1 Bxg3 22. hxg3 Be8 23. Nh4 Rf6 24. Bxe8 Rxe8 25. Ng6+ Kg8 26. Ne5 Ne7 27. Qd3 a6 28. Rc1 Rff8 29. Rc2 Rc8 30. Rce2 Rfe8 31. Nf3 Nc6 32. Qg6 Qd7 33. Rxe6 Rxe6 34. Rxe6 Qf7 35. Qxf7+ Kxf7 36. Rd6 Rd8 37. Ne5+ Ke8 38. Re6+ Ne7 39. Ng6 Rd7 40. Kf1 Kf7 41. Rxe7+ Rxe7 42. Nxe7 Kxe7 43. Ke2 Ke6 44. Kf3 Kf5 45. g4+ Kg5 46. Kg3 Kf6 47. f4 Kg6 48. Kh4 b6 49. b4 b5 50. a3 Kf6 51. Kh5 Kf7 52. g5 hxg5 53. Kxg5 g6 54. g4 Kg7 55. f5 gxf5 56. gxf5 Kf7 57. f6 1-0

[Event "American Continental Rapid 18th"]
[Site "Medellin"]
[Date "2024.06.01"]
[Round "5"]
[White "Gadea, Fernando Pablo"]
[Black "Jop A, Laura Elizabeth"]
[Result "1-0"]
[WhiteElo "1878"]
[BlackElo "1752"]
[PlyCount "163"]
[EventDate "2024.06.01"]
[EventType "swiss (rapid)"]
[EventRounds "9"]
[EventCountry "COL"]
[SourceTitle "CB23_2024"]
[SourceDate "2024.06.05"]
[SourceVersion "1"]
[SourceVersionDate "2024.06.05"]
[SourceQuality "1"]

1. d4 d5 2. Nc3 Nf6 3. Bf4 c6 4. e3 g6 5. Be2 Bg7 6. Nf3 0-0 7. h3 b6 8. 0-0 Bb7 9. Re1 Nbd7 10. Bf1 Re8 11. Ne5 Rc8 12. g4 Nxe5 13. Bxe5 Nd7 14. Bxg7 Kxg7 15. Bg2 e5 16. f4 e4 17. Ne2 Qh4 18. Rf1 Ba6 19. Qe1 Qxe1 20. Raxe1 Bxe2 21. Rxe2 c5 22. Rd2 c4 23. c3 b5 24. g5 f5 25. gxf6+ Nxf6 26. Rdf2 Nh5 27. Kh2 Kf6 28. h4 Ng7 29. Bh3 Nf5 30. Bxf5 gxf5 31. Rg2 Rg8 32. Rfg1 Rxg2+ 33. Rxg2 Rc7 34. Rg8 a6 35. Ra8 Rc6 36. h5 Rd6 37. Kh3 h6 38. Kh4 Kf7 39. Ra7+ Kf6 40. Rh7 Rd8 41. Rxh6+ Ke7 42. Rxa6 Rg8 43. Rg6 Ra8 44. a3 b4 45. cxb4 c3 46. bxc3 Rxa3 47. Rc6 Ra1 48. Kg5 Re1 49. h6 Rxe3 50. Kxf5 Rh3 51. h7 Kd7 52. Ra6 Kc7 53. Ke5 e3 54. Kxd5 e2 55. Ra1 Rxh7 56. Re1 Rh5+ 57. Ke4 Rh3 58. c4 Rh2 59. Kd3 Rf2 60. Rxe2 Rxf4 61. c5 Kc6 62. Kc4 Kb7 63. b5 Rf7 64. Re4 Rg7 65. b6 Rg1 66. Re3 Rc1+ 67. Rc3 Rd1 68. Kd5 Re1 69. Rh3 Ka6 70. Rh7 Rb1 71. Kc6 Ka5 72. Ra7+ Kb4 73. b7 Kc4 74. Kc7 Rh1 75. b8Q Rh7+ 76. Kb6 Rh6+ 77. c6 Kd5 78. Qe5+ Kc4 79. Ra4+ Kb3 80. Qb5+ Kc3 81. Rc4+ Kd2 82. Qg5+ 1-0

[Event "American Continental 18th"]
[Site "Medellin"]
[Date "2024.05.28"]
[Round "7"]
[White "Cesar Acosta, Christian Alejandro"]
[Black "Gadea, Fernando Pablo"]
[Result "0-1"]
[WhiteElo "1712"]
[BlackElo "1878"]
[PlyCount "95"]
[EventDate "2024.05.24"]
[EventType "swiss"]
[EventRounds "11"]
[EventCountry "COL"]
[SourceTitle "CB23_2024"]
[SourceDate "2024.06.05"]
[SourceVersion "1"]
[SourceVersionDate "2024.06.05"]
[SourceQuality "1"]

1. d4 d5 2. c4 e6 3. Nc3 Nf6 4. Bf4 c6 5. e3 Be7 6. h3 Nbd7 7. Nf3 0-0 8. cxd5 exd5 9. Bd3 Re8 10. 0-0 Nf8 11. Ne5 Ng6 12. Nxg6 hxg6 13. Re1 Bf5 14. g4 Bxd3 15. Qxd3 Qd7 16. f3 Bd6 17. Bxd6 Qxd6 18. Kg2 Rad8 19. a3 Re7 20. Re2 b6 21. e4 dxe4 22. Nxe4 Nxe4 23. Rxe4 Rxe4 24. Qxe4 Qxd4 25. Qxd4 Rxd4 26. b4 Kf8 27. Rc1 Rd6 28. Rc3 Ke7 29. f4 Kd7 30. Kf3 Rd5 31. Ke4 Kd6 32. f5 g5 33. Rc2 Rd1 34. Rb2 Re1+ 35. Kf3 c5 36. bxc5+ bxc5 37. Rd2+ Kc6 38. Rc2 Re7 39. h4 gxh4 40. g5 Rd7 41. Kg4 Rd4+ 42. Kh5 Kd5 43. g6 f6 44. a4 Rf4 45. Rd2+ Ke4 46. Re2+ Kxf5 47. a5 Re4 48. a6 0-1

[Event "American Continental 18th"]
[Site "Medellin"]
[Date "2024.05.25"]
[Round "3"]
[White "Agudelo Montoya, Gilberto"]
[Black "Gadea, Fernando Pablo"]
[Result "0-1"]
[WhiteElo "1648"]
[BlackElo "1878"]
[PlyCount "72"]
[EventDate "2024.05.24"]
[EventType "swiss"]
[EventRounds "11"]
[EventCountry "COL"]
[SourceTitle "CB23_2024"]
[SourceDate "2024.06.05"]
[SourceVersion "1"]
[SourceVersionDate "2024.06.05"]
[SourceQuality "1"]

1. e4 e6 2. d4 d5 3. Nd2 Nf6 4. e5 Nfd7 5. Bd3 c5 6. c3 Nc6 7. Ne2 Qb6 8. Nf3 cxd4 9. cxd4 Bb4+ 10. Bd2 f6 11. exf6 Nxf6 12. 0-0 0-0 13. Re1 Bd7 14. b3 Bd6 15. Bf4 Bb4 16. Bd2 Rae8 17. Rc1 Ba3 18. Rc2 Nb4 19. Bxb4 Bxb4 20. Nc3 Qa5 21. Re3 Bxc3 22. Rxc3 Rc8 23. Rc2 Rxc2 24. Qxc2 Rc8 25. Qb1 Qa3 26. Re1 h6 27. Ne5 Be8 28. h3 Qb4 29. Rc1 Rxc1+ 30. Qxc1 Qxd4 31. Qc7 Qb4 32. Qc8 Qe1+ 33. Kh2 Qxe5+ 34. g3 b6 35. Bg6 Kf8 36. Qa8 Qc7 0-1

[Event "American Continental 18th"]
[Site "Medellin"]
[Date "2024.05.24"]
[Round "1"]
[White "Shabalov, Alexander"]
[Black "Gadea, Fernando Pablo"]
[Result "1-0"]
[WhiteElo "2467"]
[BlackElo "1878"]
[PlyCount "53"]
[EventDate "2024.05.24"]
[EventType "swiss"]
[EventRounds "11"]
[EventCountry "COL"]
[SourceTitle "CB23_2024"]
[SourceDate "2024.06.05"]
[SourceVersion "1"]
[SourceVersionDate "2024.06.05"]
[SourceQuality "1"]

1. Nf3 d5 2. b4 Nf6 3. Bb2 e6 4. a3 Be7 5. e3 Nbd7 6. c4 b6 7. cxd5 exd5 8. Nd4 Bb7 9. Bb5 c5 10. Bc6 Qc7 11. Bxb7 Qxb7 12. Nf5 Kf8 13. 0-0 Re8 14. Nc3 Qc6 15. bxc5 Bxc5 16. d4 Be7 17. a4 Kg8 18. Nxe7+ Rxe7 19. Ba3 Re8 20. Nb5 Ne4 21. Rc1 Qg6 22. Nc7 Nef6 23. Nxe8 Nxe8 24. Rc8 f5 25. Qb3 Ndf6 26. Be7 Kf7 27. Bxf6 1-0

[Event "Florianopolis op 9th"]
[Site "Florianopolis"]
[Date "2023.01.26"]
[Round "5"]
[White "Gadea, Fernando Pablo"]
[Black "Araujo, Renan Aparecido"]
[Result "0-1"]
[WhiteElo "1768"]
[BlackElo "2041"]
[PlyCount "86"]
[EventDate "2023.01.23"]
[EventType "swiss"]
[EventRounds "10"]
[EventCountry "BRA"]
[SourceTitle "CBM 212 Extra"]
[Source "ChessBase"]
[SourceDate "2023.03.31"]
[SourceVersion "1"]
[SourceVersionDate "2023.03.31"]
[SourceQuality "1"]

1. d4 Nf6 2. Nc3 d5 3. Bf4 a6 4. e3 e6 5. Bd3 c5 6. g4 h6 7. h4 Nc6 8. dxc5 e5 9. g5 Ng8 10. g6 f5 11. Bg3 Bxc5 12. h5 Nf6 13. Qd2 b5 14. Bh4 Be6 15. Be2 d4 16. exd4 exd4 17. Bf3 Ne5 18. Bxf6 Nxf3+ 19. Nxf3 Qxf6 20. Ne2 Rd8 21. Nf4 0-0 22. 0-0-0 Bxa2 23. Rhe1 Qd6 24. Nd3 Bd5 25. Nfe5 Bb6 26. f4 Rc8 27. Kb1 Rc7 28. Rc1 a5 29. Re2 b4 30. Qe1 b3 31. c3 dxc3 32. Rxc3 Be4 33. Rxe4 fxe4 34. Qxe4 Rxc3 35. bxc3 Rd8 36. Qc4+ Qd5 37. Qa6 Bc7 38. Kb2 Bxe5 39. Nxe5 Qd2+ 40. Kxb3 Rb8+ 41. Kc4 Qe2+ 42. Nd3 Rd8 43. Qxa5 Qxd3+ 0-1

[Event "Florianopolis op 9th"]
[Site "Florianopolis"]
[Date "2023.01.25"]
[Round "4"]
[White "Soares, Joao Carlos TC"]
[Black "Gadea, Fernando Pablo"]
[Result "0-1"]
[WhiteElo "2062"]
[BlackElo "1768"]
[PlyCount "86"]
[EventDate "2023.01.23"]
[EventType "swiss"]
[EventRounds "10"]
[EventCountry "BRA"]
[SourceTitle "CBM 212 Extra"]
[Source "ChessBase"]
[SourceDate "2023.03.31"]
[SourceVersion "1"]
[SourceVersionDate "2023.03.31"]
[SourceQuality "1"]

1. d4 Nf6 2. c4 e6 3. Nc3 Bb4 4. g3 c5 5. Nf3 0-0 6. Bg2 Nc6 7. 0-0 d6 8. d5 exd5 9. Nxd5 Nxd5 10. cxd5 Ne7 11. Nd2 Re8 12. Nb3 Rb8 13. a3 Ba5 14. Nxa5 Qxa5 15. Bd2 Qc7 16. a4 b6 17. Bc3 a6 18. e4 Ng6 19. f4 f6 20. h4 b5 21. axb5 axb5 22. b3 b4 23. Bb2 Bb7 24. h5 Nh8 25. h6 Ng6 26. Qh5 Ra8 27. g4 Rxa1 28. Bxa1 Ra8 29. hxg7 Nxf4 30. Qh6 Ng6 31. Bxf6 c4 32. bxc4 b3 33. Qc1 Qc5+ 34. Kh1 Ba6 35. g5 Bxc4 36. Bh3 Re8 37. Be6+ Rxe6 38. dxe6 Qc8 39. Be7 Qxe6 40. Rf8+ Kxg7 41. Qc3+ Ne5 42. Bxd6 Qxd6 43. Re8 Qd1+ 0-1

[Event "Florianopolis op 9th"]
[Site "Florianopolis"]
[Date "2023.01.24"]
[Round "3"]
[White "Gadea, Fernando Pablo"]
[Black "Spieker, Otavio Schmidt"]
[Result "1-0"]
[WhiteElo "1768"]
[BlackElo "1352"]
[PlyCount "79"]
[EventDate "2023.01.23"]
[EventType "swiss"]
[EventRounds "10"]
[EventCountry "BRA"]
[SourceTitle "CBM 212 Extra"]
[Source "ChessBase"]
[SourceDate "2023.03.31"]
[SourceVersion "1"]
[SourceVersionDate "2023.03.31"]
[SourceQuality "1"]

1. d4 d5 2. Nc3 Nf6 3. Bf4 Bf5 4. f3 e6 5. g4 Bg6 6. h4 h6 7. e3 Bd6 8. Nh3 Qe7 9. Bd3 Bxd3 10. Qxd3 c6 11. 0-0-0 Bxf4 12. exf4 Nbd7 13. f5 0-0-0 14. Rde1 Nb6 15. fxe6 Nc4 16. g5 Nh5 17. f4 Qb4 18. Nd1 Rde8 19. c3 Qa5 20. exf7 Ref8 21. g6 Nf6 22. Re6 Ne4 23. Rxe4 dxe4 24. Qxc4 Qf5 25. h5 Kc7 26. Qe2 Rd8 27. Ne3 Qe6 28. Kb1 a5 29. f5 Qd6 30. Qh2 Kd7 31. Qxd6+ Kxd6 32. f6 gxf6 33. g7 Rhf8 34. gxf8Q+ Rxf8 35. Nf5+ Ke6 36. Nxh6 Ke7 37. Nf4 Rh8 38. Ng6+ Kd7 39. Nxh8 Kc7 40. f8Q 1-0

[Event "Punta del Este Alekhine op"]
[Site "Punta del Este"]
[Date "2020.03.07"]
[Round "2"]
[White "Genta, Alejandro"]
[Black "Gadea, Fernando Pablo"]
[Result "1-0"]
[WhiteElo "1997"]
[BlackElo "1758"]
[PlyCount "111"]
[EventDate "2020.03.06"]
[EventType "swiss"]
[EventRounds "5"]
[EventCountry "URU"]
[SourceTitle "EXT 2021"]
[Source "ChessBase"]
[SourceDate "2020.10.23"]
[SourceVersion "1"]
[SourceVersionDate "2020.10.23"]
[SourceQuality "1"]

1. d4 Nf6 2. Nf3 e6 3. g3 b6 4. Bg2 Bb7 5. 0-0 Be7 6. c4 d5 7. Ne5 0-0 8. Nc3 Nbd7 9. Qa4 Nxe5 10. dxe5 Nd7 11. cxd5 exd5 12. Nxd5 Nc5 13. Qd1 c6 14. Nxe7+ Qxe7 15. f4 Rad8 16. Qc2 Ne6 17. Be3 c5 18. Be4 Bxe4 19. Qxe4 Nd4 20. f5 Nxe2+ 21. Kg2 Nd4 22. Rae1 Rfe8 23. Bc1 Kh8 24. f6 gxf6 25. Rxf6 Qxf6 26. exf6 Rxe4 27. Rxe4 Ne6 28. Bh6 Re8 29. Re5 Kg8 30. Rd5 Rd8 31. Rxd8+ Nxd8 32. Kf3 Nc6 33. Ke4 Nd4 34. b4 Ne6 35. bxc5 Nxc5+ 36. Kf5 Nd3 37. g4 Nb4 38. a3 Nc2 39. Bc1 Nd4+ 40. Ke4 Ne6 41. Kd5 Kf8 42. Kc6 Nd4+ 43. Kb7 Nb5 44. Ka6 Nc7+ 45. Kxa7 Nd5 46. g5 Ke8 47. Kb7 Kd7 48. Bd2 b5 49. h4 Kd6 50. Bb4+ Kd7 51. Bf8 Ke6 52. Kc6 Ne3 53. Kxb5 Nf5 54. a4 Nxh4 55. Kc6 Ng6 56. Bd6 1-0

[Event "Punta del Este Alekhine op"]
[Site "Punta del Este"]
[Date "2020.03.06"]
[Round "1"]
[White "Gadea, Fernando Pablo"]
[Black "Bossi, Hugo"]
[Result "1-0"]
[WhiteElo "1758"]
[BlackElo "1280"]
[PlyCount "57"]
[EventDate "2020.03.06"]
[EventType "swiss"]
[EventRounds "5"]
[EventCountry "URU"]
[SourceTitle "EXT 2021"]
[Source "ChessBase"]
[SourceDate "2020.10.23"]
[SourceVersion "1"]
[SourceVersionDate "2020.10.23"]
[SourceQuality "1"]

1. e4 c5 2. Nf3 d6 3. Bb5+ Bd7 4. Bxd7+ Nxd7 5. c4 e6 6. Nc3 Ngf6 7. 0-0 a6 8. d4 Be7 9. Re1 cxd4 10. Nxd4 Qc7 11. Qe2 h5 12. Bd2 Rc8 13. b3 g6 14. Rac1 Qc5 15. Nc2 Nh7 16. Na4 Qc7 17. f4 Bf6 18. Be3 Nhf8 19. Kh1 e5 20. f5 g5 21. Nc3 Bg7 22. Bxg5 f6 23. Bd2 Qc6 24. Nb4 Qc7 25. Nbd5 Qb8 26. Rf1 b6 27. Rf3 Qb7 28. Rh3 h4 29. Be1 1-0

[Event "Florianopolis op 6th"]
[Site "Florianopolis"]
[Date "2020.01.23"]
[Round "6"]
[White "Coro, Lucas"]
[Black "Gadea, Fernando Pablo"]
[Result "1-0"]
[WhiteElo "2366"]
[BlackElo "1748"]
[PlyCount "81"]
[EventDate "2020.01.20"]
[EventType "swiss"]
[EventRounds "10"]
[EventCountry "BRA"]
[SourceTitle "CBM 194 Extra"]
[Source "ChessBase"]
[SourceDate "2020.03.31"]
[SourceVersion "1"]
[SourceVersionDate "2020.03.31"]
[SourceQuality "1"]

1. e4 e6 2. d4 d5 3. Nc3 Bb4 4. e5 c5 5. a3 Bxc3+ 6. bxc3 Qa5 7. Bd2 Qa4 8. Qg4 Kf8 9. Qd1 b6 10. dxc5 bxc5 11. c4 Ne7 12. Nf3 Nbc6 13. Be2 h6 14. 0-0 Kg8 15. Re1 Rb8 16. Qc1 Na5 17. cxd5 exd5 18. Rb1 Rxb1 19. Qxb1 Nc4 20. Bc1 Bf5 21. Qb8+ Kh7 22. Qc7 Re8 23. Qxc5 Bxc2 24. Nd4 Bg6 25. h4 Qa5 26. Qxa5 Nxa5 27. h5 Bf5 28. Nxf5 Nxf5 29. Bd3 g6 30. f4 Nc4 31. Kf2 Kg7 32. Rd1 Nb6 33. hxg6 fxg6 34. g4 Ne7 35. Rh1 Rc8 36. f5 gxf5 37. gxf5 Ng8 38. Bb2 Nc4 39. Bd4 Nxa3 40. Ra1 Nc2 41. Rc1 1-0

[Event "URU Department-chT"]
[Site "Punta del Este"]
[Date "2018.08.25"]
[Round "2.24"]
[White "Gadea, Fernando Pablo"]
[Black "Arean, Martin"]
[Result "0-1"]
[WhiteElo "1687"]
[BlackElo "2041"]
[PlyCount "54"]
[EventDate "2018.08.24"]
[EventType "team-swiss"]
[EventRounds "5"]
[EventCountry "URU"]
[SourceTitle "EXT 2019"]
[Source "ChessBase"]
[SourceDate "2018.10.10"]
[SourceVersion "1"]
[SourceVersionDate "2018.10.10"]
[SourceQuality "1"]
[WhiteTeam "Montevideo Gripe"]
[BlackTeam "Montevideo de la Mancha"]
[WhiteTeamCountry "URU"]
[BlackTeamCountry "URU"]

1. e4 c5 2. Nf3 d6 3. d4 cxd4 4. Nxd4 Nf6 5. Nc3 a6 6. g3 e6 7. Bg2 Be7 8. 0-0 0-0 9. h3 Qc7 10. Be3 Bd7 11. f4 Nc6 12. a4 Rac8 13. Nb3 Nb4 14. g4 d5 15. exd5 Nfxd5 16. Nxd5 Nxd5 17. Bxd5 exd5 18. c3 Rfe8 19. Bd4 Bd6 20. Qd2 Re4 21. f5 Bf4 22. Qf2 Rce8 23. Bb6 Qd6 24. a5 Bb5 25. Rfd1 Re2 26. Qf3 Be3+ 27. Bxe3 Qh2+ 0-1

[Event "URU Department-chT"]
[Site "Punta del Este"]
[Date "2018.08.25"]
[Round "3.1"]
[White "Ibanez, Marcelo"]
[Black "Gadea, Fernando Pablo"]
[Result "0-1"]
[WhiteElo "2072"]
[BlackElo "1687"]
[PlyCount "194"]
[EventDate "2018.08.24"]
[EventType "team-swiss"]
[EventRounds "5"]
[EventCountry "URU"]
[SourceTitle "EXT 2019"]
[Source "ChessBase"]
[SourceDate "2018.10.10"]
[SourceVersion "1"]
[SourceVersionDate "2018.10.10"]
[SourceQuality "1"]
[WhiteTeam "Montevideo Piratas"]
[BlackTeam "Montevideo Gripe"]
[WhiteTeamCountry "URU"]
[BlackTeamCountry "URU"]

1. c4 Nf6 2. g3 g6 3. Bg2 Bg7 4. Nc3 0-0 5. d3 d6 6. Nf3 c5 7. 0-0 Nc6 8. Rb1 Bd7 9. e4 e5 10. a3 a5 11. Bd2 Ne8 12. Nd5 h6 13. Qb3 Ra7 14. Qb6 Qxb6 15. Nxb6 Be6 16. b4 cxb4 17. axb4 axb4 18. Bxb4 Nxb4 19. Rxb4 Nc7 20. Rfb1 Na6 21. Ra4 Bf6 22. h4 Bd8 23. c5 dxc5 24. Nxe5 Bc7 25. Ned7 Bxd7 26. Nxd7 Rfa8 27. e5 Rd8 28. e6 fxe6 29. Nxc5 Nxc5 30. Rxa7 Rxd3 31. Bxb7 Rd7 32. Bc8 Re7 33. Rd1 Kf7 34. Ba6 Bxg3 35. Rxe7+ Kxe7 36. fxg3 Nxa6 37. Ra1 Nb4 38. g4 Nd5 39. Ra7+ Kf6 40. Kf2 g5 41. h5 Ne7 42. Kf3 Nc6 43. Rc7 Ne5+ 44. Kg3 Nf7 45. Ra7 Ne5 46. Rh7 Nf7 47. Kg2 Ke7 48. Rg7 Kf8 49. Rg6 Ke7 50. Kg3 Kd6 51. Rg8 Ke7 52. Ra8 Kf6 53. Ra7 Ne5 54. Rb7 Nf7 55. Rb4 Ne5 56. Re4 Nf7 57. Kf3 Nd6 58. Ra4 Nf7 59. Ke4 Nd6+ 60. Kd4 Nf7 61. Ra1 Ke7 62. Ra6 Kf6 63. Ra2 Ke7 64. Rf2 Nd6 65. Rf3 Nf7 66. Kc5 Ne5 67. Rg3 Kd7 68. Ra3 Ke7 69. Ra4 Nf7 70. Kc6 Ne5+ 71. Kc7 Nf7 72. Re4 Nh8 73. Rd4 Nf7 74. Rd1 Ne5 75. Rd4 Nf7 76. Rd7+ Kf6 77. Kc8 Ne5 78. Rd4 Ke7 79. Ra4 Nf7 80. Ra7+ Kf6 81. Kd7 Ne5+ 82. Kd6 Nxg4 83. Re7 e5 84. Re8 Kf5 85. Re6 e4 86. Re7 Kf4 87. Kd5 e3 88. Kd4 Kf3 89. Rf7+ Ke2 90. Kd5 Nf2 91. Kd4 Kd2 92. Rf3 Ng4 93. Rg3 e2 94. Rd3+ Ke1 95. Rf3 Kd1 96. Rd3+ Kc2 97. Rc3+ Kb2 0-1

[Event "URU-chT Provinces"]
[Site "Montevideo"]
[Date "2017.08.26"]
[Round "3.4"]
[White "De Leon, Patricia O"]
[Black "Gadea, Fernando Pablo"]
[Result "1-0"]
[WhiteElo "2020"]
[BlackElo "1706"]
[PlyCount "113"]
[EventDate "2017.08.25"]
[EventType "team-swiss"]
[EventRounds "5"]
[EventCountry "URU"]
[SourceTitle "EXT 2019"]
[Source "ChessBase"]
[SourceDate "2018.10.10"]
[SourceVersion "1"]
[SourceVersionDate "2018.10.10"]
[SourceQuality "1"]
[WhiteTeam "Montevideo II"]
[BlackTeam "Montevideo Gripe"]
[WhiteTeamCountry "URU"]
[BlackTeamCountry "URU"]

1. d4 Nf6 2. c4 e6 3. Nf3 c5 4. e3 b6 5. Nc3 Bb7 6. Be2 Be7 7. 0-0 0-0 8. d5 exd5 9. cxd5 d6 10. h3 Re8 11. e4 Bf8 12. Qc2 a6 13. a4 Nbd7 14. Bf4 Qc7 15. b3 g6 16. Rae1 Bg7 17. Bh2 Rad8 18. Nd2 g5 19. Nc4 Ne5 20. Nxe5 dxe5 21. Nd1 Re7 22. Ne3 Bc8 23. Rc1 Ne8 24. Rfd1 a5 25. d6 Rxd6 26. Nd5 Rxd5 27. Rxd5 Bb7 28. Rdd1 h6 29. f3 Nf6 30. Bb5 Nh7 31. Qd3 Nf8 32. Qd8 Kh7 33. Qxc7 Rxc7 34. Bc4 Re7 35. Rd6 Bc8 36. Rcd1 Be6 37. Rxb6 Bxc4 38. bxc4 Ne6 39. Rb5 Ra7 40. Bg3 f6 41. Be1 Bf8 42. Rxa5 Rb7 43. Rb5 Ra7 44. Rb6 Nd4 45. a5 Kg6 46. Kf2 Be7 47. Bc3 Bd8 48. Rb8 Bc7 49. Rc8 Bxa5 50. Ra1 Bb6 51. Rxa7 Bxa7 52. Bb2 Kh5 53. Ba3 Nb3 54. Ra8 Bb6 55. Rb8 Na5 56. Rxb6 Nxc4 57. Ra6 1-0

[Event "URU-chTA"]
[Site "Uruguay"]
[Date "2017.07.08"]
[Round "4.4"]
[White "Gadea, Fernando Pablo"]
[Black "Rodriguez Farias, Eduardo"]
[Result "1/2-1/2"]
[WhiteElo "1692"]
[BlackElo "1947"]
[PlyCount "138"]
[EventDate "2017.07.07"]
[EventType "team-swiss"]
[EventRounds "5"]
[EventCountry "URU"]
[SourceTitle "EXT 2018"]
[Source "ChessBase"]
[SourceDate "2017.10.13"]
[SourceVersion "1"]
[SourceVersionDate "2017.10.13"]
[SourceQuality "1"]
[WhiteTeam "Mercedes"]
[BlackTeam "La Proa"]
[WhiteTeamCountry "URU"]
[BlackTeamCountry "URU"]

1. e4 c5 2. Nf3 Nc6 3. d4 cxd4 4. Nxd4 Nf6 5. Nc3 e5 6. Ndb5 d6 7. Bg5 a6 8. Na3 b5 9. Nd5 Be7 10. Nxe7 Nxe7 11. Bxf6 gxf6 12. Qd2 Bb7 13. f3 f5 14. Bd3 d5 15. exd5 Qxd5 16. c4 bxc4 17. Bxc4 Qxd2+ 18. Kxd2 Rg8 19. Rhg1 Rd8+ 20. Ke2 Nd5 21. Bxd5 Bxd5 22. b3 Ke7 23. Rac1 Rc8 24. Kf2 f4 25. Rge1 Rxc1 26. Rxc1 Kd6 27. Nc4+ Ke6 28. Nb6 e4 29. Nxd5 Kxd5 30. fxe4+ Kxe4 31. Rc4+ Ke5 32. Kf3 f5 33. Rxf4 Rd8 34. Ra4 Rd3+ 35. Ke2 Rd6 36. g3 Rh6 37. h4 Rg6 38. Kf3 Rd6 39. Ra5+ Kf6 40. Kf4 Rd4+ 41. Ke3 Rd6 42. Rc5 Re6+ 43. Kd3 h5 44. b4 Rd6+ 45. Kc3 Re6 46. Rd5 Re3+ 47. Rd3 Re6 48. a4 Rc6+ 49. Kb3 Ke5 50. b5 axb5 51. axb5 Rc1 52. Kb4 Ke4 53. Rb3 f4 54. gxf4 Kxf4 55. b6 Rc8 56. b7 Rb8 57. Kc5 Kg4 58. Rb4+ Kg3 59. Kc6 Rg8 60. b8Q+ Rxb8 61. Rxb8 Kxh4 62. Kd5 Kg3 63. Ke4 h4 64. Rg8+ Kf2 65. Rf8+ Kg2 66. Ke3 h3 67. Rg8+ Kf1 68. Kf3 h2 69. Rh8 Kg1 1/2-1/2